000 01411cam a22003254a 4500
999 _c16356
_d16356
001 16464454
005 20161109160553.0
008 100917s2011 nyua b 001 0 eng
010 _a 2010036438
020 _a9781616689643 (hardcover)
020 _a1616689641 (hardcover)
035 _a(OCoLC)ocn646123843
040 _aDLC
_cDLC
_dYDX
_dBTCTA
_dYDXCP
_dDLC
042 _apcc
050 0 0 _aR857.N34
_bS87 2011
082 0 0 _a610.28/4
_222
245 0 0 _aSuperparamagnetic iron oxide nanoparticles :
_bsynthesis, surface engineering, cytotoxicity, and biomedical applications /
_cMorteza Mahmoudi ... [et al.].
260 _aNew York :
_bNova Science Publishers,
_cc2011.
300 _axii, 225 p. :
_bill. ;
_c27 cm.
490 1 _aNanotechnology science and technology
504 _aIncludes bibliographical references and index.
650 0 _aNanomedicine.
650 0 _aFerric oxide
_xMagnetic properties.
650 0 _aNanoparticles.
700 1 _aMahmoudi, Morteza,
_d1979-
830 0 _aNanotechnology science and technology series.
906 _a7
_bcbc
_corignew
_d1
_eecip
_f20
_gy-gencatlg
942 _2lcc
_cBOOKS
_hR857.N34 S87 2011